Jméno růže / Umberto Eco ; [přeložil Zdeněk Frýbort]
Record details
- ISBN: 80-85637-04-9
- Physical Description: 429 s. ; 21 cm
- Publisher: Praha : Šimon & Šimon, 1993
Search for related items by subject
| Genre: | italské romány historické romány detektivní romány |
Search for related items by series
Available copies
- 1 of 1 copy available at Common Catalog SPOK.
Holds
- 0 current holds with 1 total copy.
Other Formats and Editions
Show All Copies
| Location | Call Number / Copy Notes | Barcode | Shelving Location | Status | Due Date |
|---|---|---|---|---|---|
| Hospic Dobrého Pastýře | BE-E
Tematická katagorie: Beletrie (BE) |
2045957010311 | Knihovna | Available | - |
| LDR | 01272nam a2200385 4500 | ||
|---|---|---|---|
| 001 | 28646 | ||
| 003 | CZ-PrJAB | ||
| 005 | 20170828155557.0 | ||
| 007 | ta | ||
| 008 | 940426s1993 xr 000 1 cze | ||
| 015 | . | ‡acnb000085011 ‡zcnb000089740 | |
| 020 | . | ‡a80-85637-04-9 ‡q(váz.) | |
| 035 | . | ‡a(CZ PrNK)np9423313 | |
| 035 | . | ‡a(OCoLC)85648707 | |
| 035 | . | ‡a(OCoLC)39561453 | |
| 040 | . | ‡aABA001 ‡bcze | |
| 041 | 1 | . | ‡acze ‡hita |
| 045 | . | ‡ar2r2 | |
| 072 | 7. | ‡a821.131.1-3 ‡xItalská próza ‡2Konspekt ‡925 | |
| 080 | . | ‡a27 ‡2undef | |
| 080 | . | ‡a850-31 ‡2undef | |
| 100 | 1 | . | ‡aEco, Umberto, ‡d1932-2016 ‡7jn19990001971 ‡4aut |
| 240 | 1 | 0. | ‡aNome della rosa. ‡lČesky ‡7aun2008442456 |
| 245 | 1 | 0. | ‡aJméno růže / ‡cUmberto Eco ; [přeložil Zdeněk Frýbort] |
| 260 | . | ‡aPraha : ‡bŠimon & Šimon, ‡c1993 ‡e(Most : ‡fSeverografie) | |
| 300 | . | ‡a429 s. ; ‡c21 cm | |
| 490 | 1 | . | ‡aČeský klub |
| 653 | 0 | . | ‡abenediktinské kláštery ‡ařeholní život ‡aItálie 14. stol. |
| 655 | 7. | ‡aitalské romány ‡7fd132481 ‡2czenas | |
| 655 | 7. | ‡ahistorické romány ‡7fd132414 ‡2czenas | |
| 655 | 7. | ‡adetektivní romány ‡7fd132010 ‡2czenas | |
| 700 | 1 | . | ‡aFrýbort, Zdeněk, ‡d1931-2013 ‡7jk01032054 ‡4trl |
| 830 | 0. | ‡aČeský klub | |
| 910 | . | ‡aBNE702 | |
| 998 | . | ‡a000085011 | |
| 901 | . | ‡a28646 ‡b ‡c28646 ‡tbiblio | |